Statistieken voor Malta Trivia Quiz

Klik hier om de quiz te nemen!

Algemene statistieken

  • Deze quiz is 242 keer genomen
  • De gemiddelde score is 11 van 16

Antwoordstatistieken

HintAntwoord% Correct
Landen die het dichtst bij Malta liggenItalië
97%
Zee waar Malta in ligtMiddellandse Zee
94%
Officiële talenEngels
92%
HoofdstadValletta
92%
Valuta van MaltaEuro
89%
Landen die het dichtst bij Malta liggenTunesië
89%
Land waarvan Malta in 1964 onafhankelijk werdVerenigd Koninkrijk
89%
Malta heeft de op zes na hoogste bevolkings____ van alle landen, net voor BangladeshDichtheid
81%
Officiële talenMaltees
79%
Object dat te zien is op de vlagKruis
77%
Naam van het grootste eiland, goed voor 78% van de oppervlakte van MaltaMalta
66%
Op één na grootste eilandGozo
48%
Groep mensen die in 1249 van Malta werd verdrevenMoslims
45%
Oorlog waarbij het heroïsche verzet van Malta het hele land het George Cross opleverdeWOII
45%
Meest dichtbevolkte gemeenteSt. {Paul}'s Bay
36%
Militaire orde die de eilanden regeerde in de periode 1530–1798Orde van {Sint-Jan}
23%

Scoreverdeling

Percentiel versus Aantal Correcte Antwoorden

Procent van Mensen met Elke Score

Uw Scoregeschiedenis

U heeft deze quiz nog niet genomen